Statistics for Top 20 Words Starting With S

Click here to take the quiz!

General Stats

  • This quiz has been taken 1,005 times
  • The average score is 9 of 20

Answer Stats

ranklettersword% Correct
42so
97%
33see
85%
23say
77%
13she
68%
64some
68%
184same
61%
54said
58%
83set
48%
76should
39%
94show
37%
165start
36%
134seem
35%
193six
30%
145still
30%
209something
27%
154such
19%
126school
18%
174side
17%
115state
16%
105small
14%

Score Distribution

Percentile by Number Answered

Percent of People with Each Score

Your Score History

You have not taken this quiz